15 Largest Cities in Ghana🇬🇭 - Statistics

General Stats
  • This quiz has been taken 48 times
  • The average score is 4 of 15
Answer Stats
Population City % Correct
1.9 mil Accra
100%
1.4 mil Kumasi
74%
360k Tamale
61%
143k Cape Coast
52%
78k Wa
39%
96k Koforidua
30%
138k Sekondi-Takoradi
30%
155k Tema
30%
232k Takoradi
26%
202k Atsiaman
0%
70k Ejura
0%
96k Japekrom
0%
101k Medina Estates
0%
137k Obuase
0%
144k Teshi Old Town
0%
No matching quizzes found
Score Distribution
Percent of People with Each Score
Percentile by Number Answered
Your Score History
You have not taken this quiz